[Event "ch-Southern FR Men"]
[Site "Armavir RUS"]
[Date "2011.03.16"]
[Round "5"]
[White "Kudrin,O"]
[Black "Pudovkin,D"]
[Result "1-0"]
[WhiteElo "2019"]
[BlackElo "2330"]

1.e4 c5 2.Nf3 e6 3.d4 cxd4 4.Nxd4 a6 5.Nc3 b5 6.g3 Bb7 7.Bg2 d6 8.O-O Nf6
9.Bg5 Nbd7 10.a4 b4 11.Na2 Qc7 12.Re1 a5 13.Nb5 Qb8 14.Qd2 Be7 15.Rad1 Ra6
16.f4 e5 17.c3 bxc3 18.Naxc3 O-O 19.Qc2 h6 20.Bh4 Re8 21.Rd2 d5 22.Nxd5 Bxd5
23.exd5 Bc5+ 24.Kh1 exf4 25.Rxe8+ Qxe8 26.gxf4 Qe3 27.Bf2 Qxf4 28.Bxc5 Nxc5
29.Rf2 Qb4 30.d6 Rb6 31.Qc1 Rb8 32.Rf4 Nd3 33.Rxb4 Nxc1 34.Rc4 Nd3 35.b3 g6
36.Rc7 Re8 37.Bc6 Re1+ 38.Kg2 Ne5 39.Kf2 Rb1 40.Nd4 Rd1 41.Nb5 Rd3 42.Ke2 Rxb3
43.Be8 Kf8 44.Rc8 Kg7 45.Nc3 Rb2+ 46.Ke3 Nxe8 47.Rxe8 Nc4+ 48.Kd4 Nxd6 49.Ra8 Rxh2
50.Rxa5 h5 51.Rd5 Rh4+ 52.Kd3 Nc4 53.a5 Nxa5 54.Rxa5 Rf4 55.Ke3 Rf1 56.Ke2 Rc1
57.Ne4 Kh6 58.Nf6 Rc6 59.Ne4 f5 60.Ng3 Re6+ 61.Kf3 Kg5 62.Ne2 Rb6 63.Ra3 Rb4
64.Kg3 Rg4+ 65.Kh3 Re4 66.Ng1 Rh4+ 67.Kg3 Rg4+ 68.Kh2 h4 69.Nf3+ Kf4 70.Ng1 Kg5
71.Nf3+ Kh5 72.Ra8 Rg3 73.Rh8+ Kg4 74.Ne5+ Kg5 75.Nxg6  1-0

[Event "e2e4 Uxbridge Open"]
[Site "Denham ENG"]
[Date "2011.03.18"]
[Round "1"]
[White "Hadi,Justin"]
[Black "Hernandez Castro,J"]
[Result "1-0"]
[WhiteElo "2051"]
[BlackElo "1854"]

1.e4 c5 2.Nf3 e6 3.Nc3 a6 4.d4 cxd4 5.Nxd4 Qc7 6.Be3 Nc6 7.a3 Nf6 8.Be2 b5
9.f4 b4 10.axb4 Bxb4 11.Bf3 Bb7 12.O-O Ne7 13.Qd3 O-O 14.Kh1 Rac8 15.Bd2 d5
16.e5 Nd7 17.Rfe1 Nb6 18.Nce2 Bxd2 19.Qxd2 Nc4 20.Qc1 Ng6 21.g3 Qb6 22.b3 Na5
23.Qd2 Nc6 24.Nxc6 Qxc6 25.Nd4 Qc3 26.Qxc3 Rxc3 27.Kg2 Rfc8 28.Be2 Ra8 29.Ra5 Ne7
30.Bd3 Nc6 31.Nxc6 Rxc6 32.Kf2 Kf8 33.Ke3 g6 34.Kd4 Ke7 35.Rea1 Rac8 36.R1a2 h5
37.b4 R8c7 38.R2a3 Rc8 39.c3 R8c7 40.Bxa6 Bxa6 41.Rxa6 Rc4+ 42.Kd3 d4 43.Ra7 dxc3
44.Rxc7+ Rxc7 45.Rxc3 Rd7+ 46.Kc4 Rd2 47.h4 Rb2 48.Kb5 Kd7 49.Ka5 Ra2+ 50.Kb6 Rb2
51.b5 Rb1 52.Ka6 Ra1+ 53.Kb7 Rb1 54.b6 Rb2 55.Ka7 Ra2+ 56.Kb8 Rb2 57.b7 Rb1
58.Rc7+ Kd8 59.Rxf7 Rb3 60.Ka7 Ra3+ 61.Kb6 Rb3+ 62.Kc6 Ke8 63.Rh7  1-0

[Event "Zonal 2.3 Caribbean 2011"]
[Site "Santiago de los Caballeros DOM"]
[Date "2011.03.18"]
[Round "1"]
[White "Barrientos,S"]
[Black "Mateo,Ra"]
[Result "1/2-1/2"]
[WhiteElo "2499"]
[BlackElo "2446"]

1.e4 c5 2.Nf3 e6 3.d4 cxd4 4.Nxd4 a6 5.Nc3 b5 6.Bd3 Qb6 7.Nf3 Qc7 8.O-O Bb7
9.Bg5 b4 10.Ne2 Nf6 11.Ng3 Nc6 12.Qc1 Ng4 13.Bf4 Nge5 14.Nxe5 Nxe5 15.Qd2 Be7  1/2-1/2

[Event "ch-NCA 2011"]
[Site "Managua NCA"]
[Date "2011.03.20"]
[Round "9.2"]
[White "Ortiz,Ma"]
[Black "Lacayo,R"]
[Result "0-1"]
[WhiteElo "2111"]
[BlackElo "2250"]

1.e4 c5 2.Nf3 e6 3.d4 cxd4 4.Nxd4 a6 5.Nc3 Qc7 6.Be2 b5 7.O-O Bb7 8.Bf3 Nc6
9.Nxc6 dxc6 10.Qe2 Bd6 11.Kh1 Nf6 12.a4 O-O 13.Bg5 Nd7 14.g3 Nc5 15.Bg2 b4
16.Nd1 e5 17.Bd2 Ne6 18.c3 a5 19.Ne3 Ba6 20.Nc4 bxc3 21.bxc3 Qa7 22.Be3 Bc5
23.Rfd1 Bxe3 24.fxe3 Qc5 25.Bf1 Rfd8 26.Qa2 Ng5 27.Qa3 Qxa3 28.Nxa3 Bxf1
29.Rxd8+ Rxd8 30.Rxf1 Nxe4 31.Nc4 Rd5 32.Rb1 h5 33.Rb8+ Kh7 34.Ra8 Nxc3 35.Nxa5 Nxa4
36.Nxc6 Nb6 37.Ra3 f6 38.Ne7 Rd7 39.Nc6 Nc4 40.Rc3 Nd2 41.Nb4 e4 42.Rc5 Kh6
43.Nd5 Nf3 44.h4 Ra7 45.Nc3 Ra3 46.Kg2 Ne5 47.Nxe4 Rxe3 48.Nd6 Kg6 49.Nc4 Re2+
50.Kf1 Re4 51.Nd6 Rd4 52.Nb5 Rd2 53.Nc7 Kf5 54.Rc3 g6 55.Ne8 Rd8 56.Ng7+ Kg4
57.Ne6 Rd2 58.Nf4 Nf3 59.Nxg6 Kxg3 60.Ra3 Rf2+  0-1

[Event "ch-VIE Women"]
[Site "Da Lat VIE"]
[Date "2011.03.25"]
[Round "8.6"]
[White "Tran Le Dan Thuy"]
[Black "Pham Le Thao Nguyen"]
[Result "0-1"]
[WhiteElo "1730"]
[BlackElo "2349"]

1.e4 c5 2.Nf3 e6 3.d4 cxd4 4.Nxd4 a6 5.Nc3 Qc7 6.Be3 Bb4 7.Qd2 Nf6 8.f3 d5
9.exd5 Nxd5 10.Nde2 O-O 11.a3 Ba5 12.b4 Nxe3 13.Qxe3 Bb6 14.Qf4 e5 15.Qe4 Be6
16.Nd5 Bxd5 17.Qxd5 Nc6 18.c4 Rad8 19.Qe4 f5 20.Qc2 Be3 21.Ng3 e4 22.c5 Kh8
23.Be2 Qf4 24.Kf1 Ne5 25.Rd1 exf3 26.Bd3 fxg2+ 27.Kxg2 Qf3+ 28.Kh3 Rf6  0-1

[Event "4NCL 2010-11"]
[Site "Daventry ENG"]
[Date "2011.03.26"]
[Round "7.11"]
[White "Mason,D"]
[Black "Rowson,J"]
[Result "0-1"]
[WhiteElo "2255"]
[BlackElo "2576"]

1.e4 c5 2.Nf3 e6 3.Nc3 a6 4.d4 cxd4 5.Nxd4 Qc7 6.g3 Bb4 7.Ne2 Nf6 8.Bg2 Be7
9.O-O d6 10.h3 h5 11.Bg5 Nc6 12.a4 b6 13.Nf4 Bb7 14.Bxf6 Bxf6 15.Nxh5 Bxc3
16.bxc3 O-O-O 17.Nf4 Ne5 18.Rb1 d5 19.exd5 g5 20.Nd3 Rxd5 21.Qe2 Rxh3 22.Bxh3 Rxd3
23.cxd3 Nf3+ 24.Kh1 Nd4+ 25.Qe4 Bxe4+ 26.dxe4 Nf3 27.Rb4 a5 28.Rb5 Qc4 29.Bg2 g4  0-1

[Event "Zonal 2.3 Caribbean 2011"]
[Site "Santiago de los Caballeros DOM"]
[Date "2011.03.26"]
[Round "12"]
[White "Barrientos,S"]
[Black "Lorenzana,W"]
[Result "1-0"]
[WhiteElo "2499"]
[BlackElo "2227"]

1.e4 c5 2.Nf3 e6 3.d4 cxd4 4.Nxd4 a6 5.Nc3 b5 6.Bd3 Ne7 7.O-O Nbc6 8.Nxc6 Nxc6
9.f4 d6 10.Be3 Qc7 11.a3 Be7 12.Qh5 g6 13.Qh6 Bf8 14.Qh4 Qe7 15.Qf2 Bb7 16.Rae1 Bg7
17.Kh1 b4 18.Nd5 exd5 19.exd5 O-O 20.dxc6 Bxc6 21.f5 Qf6 22.axb4 Qxb2 23.f6 Bh8
24.Rb1 Qe5 25.Bd4 Qg5 26.Rbe1 Rfe8 27.c3 a5 28.bxa5 Rxe1 29.Rxe1 Qxa5 30.h3 Qg5
31.Kh2 Re8 32.Rxe8+ Bxe8 33.Qf3 Qa5 34.Bc4 Qd8 35.Qe4 Bd7 36.Qf4 Bc6 37.g4 h6
38.Bd3 Qb8 39.Kg3 Qb2 40.Be4 g5 41.Qf3 Bxe4 42.Qxe4 Qb3 43.h4 gxh4+ 44.Kxh4 Qa4
45.g5 hxg5+ 46.Kxg5 Qc4 47.Qg2 Kh7 48.Qh2+ Kg8 49.Qxd6 Qa2 50.Qf4 Qe6 51.Qf3 Qc4
52.Qa8+ Kh7 53.Qe4+ Kg8 54.Kh6  1-0

[Event "Skopje Spring Open 2011"]
[Site "Skopje MKD"]
[Date "2011.03.26"]
[Round "8"]
[White "Stojkovska,M"]
[Black "Tairi,K"]
[Result "0-1"]
[WhiteElo "1914"]
[BlackElo "1690"]

1.e4 c5 2.Nf3 e6 3.d4 cxd4 4.Nxd4 a6 5.Nc3 Qc7 6.Bd3 b5 7.O-O Bb7 8.Re1 Bc5
9.Nb3 Ne7 10.Nxc5 Qxc5 11.e5 O-O 12.Bf4 Ng6 13.Bg3 Nc6 14.Be4 Rfd8 15.h4 Rab8
16.Qd2 b4 17.Na4 Qb5 18.Bxg6 hxg6 19.b3 Ne7 20.Bf4 Nf5 21.Bg5 Rdc8 22.c4 bxc3
23.Nxc3 Qb4 24.Rac1 Qg4 25.f4 Nxh4 26.Bxh4 Qxh4 27.Ne4 Rxc1 28.Qxc1 Rc8 29.Qe3 Rc2
30.Rf1 Qg4 31.Rf2 Qd1+ 32.Rf1 Qe2 33.Qxe2 Rxe2 34.Nf2 Rxa2 35.Rd1 Bc6 36.b4 Rb2
37.Rd4 Re2 38.g3 g5 39.Rd1 Kh7 40.Ra1 Bd5 41.Nh3 Rg2+ 42.Kf1 g4 43.Ng5+ Kg6
44.Rxa6 f6 45.exf6 gxf6  0-1

[Event "Telin International Open"]
[Site "Jakarta INA"]
[Date "2011.04.01"]
[Round "1.18"]
[White "Azarya,J"]
[Black "Laksana,Agusta"]
[Result "0-1"]
[WhiteElo "1773"]
[BlackElo "2353"]

1.e4 c5 2.Nf3 e6 3.d4 cxd4 4.Nxd4 a6 5.Nc3 Qc7 6.Be2 b5 7.Bf3 Bb7 8.O-O d6
9.Re1 Nd7 10.Nd5 exd5 11.exd5+ Ne5 12.Bg4 Be7 13.Nf5 Kf8 14.Bf4 Rd8 15.Bh3 h5
16.a4 g5 17.Nxe7 Qxe7 18.Be3 g4 19.axb5 axb5 20.Bd4 gxh3 21.f4 Rh6 22.fxe5 Rg6
23.g3 Qh4 24.Bf2 Qc4 25.Ra7 Bxd5 26.exd6 Rgxd6 27.Qxh5 Rf6 28.Qg5 Qxc2 29.Qe3 Bg2  0-1

[Event "Karposh Open"]
[Site "Skopje MKD"]
[Date "2011.04.03"]
[Round "2"]
[White "Hadzi Manev,L"]
[Black "Matijevic,Filip"]
[Result "1/2-1/2"]
[WhiteElo "2184"]
[BlackElo "1900"]

1.e4 c5 2.Nf3 e6 3.d4 cxd4 4.Nxd4 a6 5.Nc3 b5 6.Bd3 Bc5 7.Nb3 Be7 8.O-O Bb7
9.a4 b4 10.Na2 Nf6 11.Qe1 Nc6 12.f4 Qc7 13.Bd2 Rb8 14.Kh1 h5 15.a5 h4 16.c3 bxc3
17.Bxc3 e5 18.Rc1 exf4 19.Nd4 h3 20.Nf5 hxg2+ 21.Kxg2 f3+ 22.Kxf3 Rh3+ 23.Ng3 Ne5+
24.Bxe5 Qxe5 25.Kg2 Rh4 26.Qc3 Bd6 27.Qxe5+ Bxe5 28.b4 Ng4 29.Rh1 g6 30.b5 axb5
31.Nb4 Ne3+ 32.Kf3 Nc4 33.Bxc4 bxc4 34.Rxc4 f5 35.a6 Ba8 36.a7 Rd8 37.Nd3 Bxg3
38.Kxg3 Rg4+ 39.Kf2 Rxe4 40.Rxe4+ Bxe4 41.Ra1 Rc8 42.h4  1/2-1/2

[Event "FSGM April"]
[Site "Budapest HUN"]
[Date "2011.04.04"]
[Round "3"]
[White "Tesik,C"]
[Black "Natsidis,C"]
[Result "1/2-1/2"]
[WhiteElo "2299"]
[BlackElo "2329"]

1.e4 c5 2.Nf3 e6 3.d4 cxd4 4.Nxd4 a6 5.Nc3 Qc7 6.Bd3 Nf6 7.O-O b5 8.Qe2 d6
9.a4 b4 10.Na2 e5 11.Nb3 Nc6 12.Bg5 Be7 13.Rac1 O-O 14.Bc4 Bg4 15.Qd3 d5
16.exd5 e4 17.Qd2 Ne5 18.Be2 Bxe2 19.Qxe2 Neg4 20.g3 Qd7 21.c4 Qxa4 22.Nd4 Bc5  1/2-1/2

[Event "Telin International Open"]
[Site "Jakarta INA"]
[Date "2011.04.04"]
[Round "5.24"]
[White "Azarya,J"]
[Black "Novita,A"]
[Result "0-1"]
[WhiteElo "1773"]
[BlackElo "2344"]

1.e4 c5 2.Nf3 e6 3.d4 cxd4 4.Nxd4 a6 5.Nc3 Qc7 6.Be2 b5 7.Bf3 Bb7 8.O-O Nc6
9.Re1 Ne5 10.a4 b4 11.Nd5 exd5 12.exd5 O-O-O 13.Nf5 Nxf3+ 14.Qxf3 Nf6 15.Rd1 Qc4
16.Rd4 Qc5 17.Bg5 h6 18.Qd3 Kb8 19.Bd2 Nxd5 20.Rc4 Qb6 21.Qg3+ Ka8 22.a5 Qg6
23.Qh3 Bd6 24.c3 Rhe8 25.cxb4 Re2 26.Be3 Re8 27.g3 Nf4 28.Rxf4 Bxf4  0-1

[Event "Telin International Open"]
[Site "Jakarta INA"]
[Date "2011.04.04"]
[Round "5.23"]
[White "Lindiawati,E"]
[Black "Laksana,Agusta"]
[Result "1/2-1/2"]
[WhiteElo "2107"]
[BlackElo "2353"]

1.e4 c5 2.Nf3 e6 3.d4 cxd4 4.Nxd4 a6 5.Nc3 Qc7 6.Bd3 Nf6 7.O-O b5 8.a3 Be7
9.Kh1 Bb7 10.f4 d6 11.Bd2 Nc6 12.Nxc6 Bxc6 13.Qe2 Nd7 14.Rae1 Nc5 15.Be3 Nxd3
16.cxd3 O-O 17.Rc1 Qb7 18.f5 Bf6 19.Qg4 Qe7 20.Rf3 exf5 21.Qxf5 Qe6 22.Qh5 g6
23.Qh6 Bg7 24.Qh4 f5 25.Rcf1 fxe4 26.Rxf8+ Rxf8 27.Rxf8+ Bxf8 28.Nxe4 Bxe4
29.Qxe4 Qxe4 30.dxe4 Bg7 31.b3 Kf7 32.Kg1 Ke6 33.Kf2 Bb2 34.a4 bxa4 35.bxa4 d5
36.Kf3 Kd6 37.g4 d4 38.Bf4+ Kc5 39.e5 Kd5 40.Ke2 Ba3 41.Kd3 Bf8 42.Bg3 Bg7
43.e6 Kxe6 44.Ke4  1/2-1/2

[Event "Karposh Open"]
[Site "Skopje MKD"]
[Date "2011.04.04"]
[Round "4"]
[White "Nestorovic,N"]
[Black "Damljanovic,B"]
[Result "1/2-1/2"]
[WhiteElo "2464"]
[BlackElo "2555"]

1.e4 c5 2.Nf3 e6 3.d4 cxd4 4.Nxd4 a6 5.Nc3 b5 6.Bd3 Qb6 7.Nf3 Nc6 8.O-O d6
9.Be3 Qc7 10.a4 b4 11.Na2 Nf6 12.c3 bxc3 13.Nxc3 Be7 14.Rc1 Qb7 15.a5 O-O
16.Na4 Bd7 17.Nb6 Rad8 18.Qd2 Nb8 19.Qc2 Bc6 20.Bg5 h6 21.Nd4 Be8 22.Bd2 d5
23.exd5 Nxd5 24.Bh7+ Kh8 25.Be4 Bf6 26.Bxd5 exd5 27.Be3 Bxd4 28.Bxd4 Bb5
29.Rfe1 Nc6 30.Qc3 f6 31.Re6 Rfe8 32.Rce1 Qf7 33.R6e3 Re4 34.Rd1 Qe6 35.h3 Kg8
36.Qe1 f5 37.Rxe4 dxe4 38.Bc3 Rxd1 39.Qxd1 f4 40.Qd5 Kf7 41.Qh5+ Qg6 42.Qd5+ Qe6
43.Qh5+ Qg6 44.Qd5+ Qe6  1/2-1/2

[Event "Karposh Open"]
[Site "Skopje MKD"]
[Date "2011.04.04"]
[Round "4"]
[White "Stojkovska,M"]
[Black "Collas,S"]
[Result "0-1"]
[WhiteElo "1914"]
[BlackElo "2295"]

1.e4 c5 2.Nf3 e6 3.d4 cxd4 4.Nxd4 a6 5.Nc3 Qc7 6.Bd3 Nf6 7.O-O Nc6 8.Be3 Nxd4
9.Bxd4 Bc5 10.Be2 d6 11.Bf3 Bxd4 12.Qxd4 e5 13.Qd2 O-O 14.Rfd1 Rd8 15.Nd5 Nxd5
16.Qxd5 Be6 17.Qd3 Rac8 18.Rd2 Qa5 19.c3 b5 20.h3 Rc6 21.Bg4 Bc4 22.Qg3 b4
23.cxb4 Qxb4 24.Rad1 h6 25.b3 Be6 26.Bxe6 fxe6 27.Qg6 Kh8 28.f4 Qc5+ 29.Kh2 d5
30.exd5 exd5 31.Qf5 d4 32.Re2 Rd5 33.Rde1 Rf6 34.Qh5 Re6 35.Qf5 Qd6 36.Qe4 d3
37.Rd2 Rd4  0-1

[Event "FSFMB April"]
[Site "Budapest HUN"]
[Date "2011.04.05"]
[Round "4"]
[White "Hetesi,Z"]
[Black "Csetneki,M"]
[Result "0-1"]
[WhiteElo "1530"]
[BlackElo "1640"]

1.e4 c5 2.Nf3 e6 3.d4 cxd4 4.Nxd4 a6 5.Nc3 Qc7 6.Bd3 Nf6 7.O-O Be7 8.Be3 O-O
9.f4 Nc6 10.e5 Ne8 11.Rf3 Nxd4 12.Bxd4 h6 13.Rh3 b5 14.Qe2 Bc5 15.Qe4 Bxd4+
16.Kh1 f5 17.exf6 Nxf6 18.Qxd4 Bb7 19.Re1 Ng4 20.Rf1 Rf7 21.Ne4 Raf8 22.Nd6 e5
23.Qb4 Rxf4 24.Rxf4 Rxf4 25.Qb3+ Kf8 26.Nxb7 Qxb7  0-1

[Event "Telin International Open"]
[Site "Jakarta INA"]
[Date "2011.04.05"]
[Round "7.15"]
[White "Sean,W"]
[Black "Hamdani,R"]
[Result "1/2-1/2"]
[WhiteElo "1945"]
[BlackElo "2368"]

1.e4 c5 2.Nf3 e6 3.d4 cxd4 4.Nxd4 a6 5.Nc3 Qc7 6.Bd3 Nf6 7.Qe2 d6 8.O-O Be7
9.Kh1 e5 10.Nb3 h6 11.Be3 O-O 12.Na4 Nbd7 13.c4 b6 14.Rac1 Nc5 15.Nbxc5 bxc5
16.Nc3 Be6 17.b3 Rfe8 18.f3 Nd7 19.Rfd1 Rab8 20.Qf2 Nf8 21.Qb2 Bg5 22.Qd2 Bf6
23.Qb2 Bg5 24.Qd2 Bf6 25.Qb2 Bg5 26.Qd2  1/2-1/2

[Event "Karposh Open"]
[Site "Skopje MKD"]
[Date "2011.04.06"]
[Round "6"]
[White "Milanovic,Ma"]
[Black "Hadzi Manev,L"]
[Result "1/2-1/2"]
[WhiteElo "1868"]
[BlackElo "2184"]

1.e4 c5 2.Nf3 e6 3.d4 cxd4 4.Nxd4 a6 5.Nc3 b5 6.a3 Bb7 7.Be2 Qc7 8.O-O Nf6
9.Qd3 Nc6 10.Nxc6 dxc6 11.f4 c5 12.Bf3 b4 13.e5 c4 14.Qe2 bxc3 15.exf6 cxb2
16.Bxb2 Qb6+ 17.Kh1 Rg8 18.fxg7 Bxg7 19.Bxg7 Rxg7 20.Rab1 Bxf3 21.Qxf3 Qd8
22.Qc6+ Kf8 23.Qxc4 Rc8 24.Qb4+ Kg8 25.Rfd1 Qc7 26.Qd6 Rg4 27.Qxc7 Rxc7 28.g3 Rxc2
29.Rb6 e5 30.Rxa6 h5 31.Rg1 e4 32.Re1 h4 33.Re3 h3 34.Re1 Kg7 35.Ra5 Rg6
36.a4 Rd6 37.Rh5 Rh6 38.Rg5+ Kf8 39.Re5 Rd6 40.Rh5 Ra6 41.a5 e3 42.Rxh3 Rxa5
43.g4 Raa2 44.f5 Kg7 45.g5 Rg2 46.Rexe3 Rxg5 47.Rhg3 Kf6 48.Rxg5 Kxg5  1/2-1/2

[Event "4th Metropolitan Invitational"]
[Site "Los Angeles USA"]
[Date "2011.04.07"]
[Round "3"]
[White "Matikozian,A"]
[Black "Amanov,Z"]
[Result "1/2-1/2"]
[WhiteElo "2476"]
[BlackElo "2391"]

1.e4 c5 2.Nf3 e6 3.Nc3 a6 4.d4 cxd4 5.Nxd4 d6 6.Bc4 Nf6 7.O-O b5 8.Bb3 Be7
9.Qf3 Qb6 10.Be3 Qb7 11.Qg3 b4 12.Na4 Nbd7 13.f3 O-O 14.Rfd1 Ne5 15.c3 a5
16.cxb4 axb4 17.Nc2 Ra6 18.Qf2 Neg4 19.fxg4 Nxg4 20.Qe2 Nxe3 21.Nxe3 Qa7
22.Kh1 Rxa4 23.Bxa4 Qxa4 24.Rd4 Bf6 25.Rxd6 b3 26.Qc4 Qa8 27.Qxb3 Qxe4 28.Qd3  1/2-1/2

[Event "Karposh Open"]
[Site "Skopje MKD"]
[Date "2011.04.07"]
[Round "7"]
[White "Jonoska,K"]
[Black "Kizov,A"]
[Result "0-1"]
[WhiteElo "1996"]
[BlackElo "2399"]

1.e4 c5 2.Nf3 e6 3.Nc3 a6 4.d4 cxd4 5.Nxd4 b5 6.a3 Bb7 7.Bd3 Qc7 8.O-O Nf6
9.Re1 Bd6 10.g3 Nc6 11.Nxc6 Bxc6 12.Bf1 O-O 13.Bg2 Be5 14.Bd2 Qb7 15.Qe2 Rfe8
16.Rad1 a5 17.b3 Rac8 18.Na2 Qa8 19.Bc3 Bxc3 20.Nxc3 Qb7 21.Rd2 b4 22.axb4 axb4
23.Na2 Ra8 24.Nc1 Ra1 25.Rd4 e5 26.Rdd1 h6  0-1

[Event "TCh-NED"]
[Site "Netherlands NED"]
[Date "2011.04.09"]
[Round "8.10"]
[White "Timmermans,I"]
[Black "Jap Tjoen San,L"]
[Result "1-0"]
[WhiteElo "2209"]
[BlackElo "2187"]

1.e4 c5 2.Nf3 e6 3.d4 cxd4 4.Nxd4 a6 5.Nc3 d6 6.Be3 Nf6 7.f3 b5 8.Qd2 Bb7
9.g4 h6 10.O-O-O Nbd7 11.h4 Ne5 12.Rg1 Rc8 13.g5 hxg5 14.hxg5 Nfd7 15.f4 b4
16.Na4 Qa5 17.b3 Nc6 18.g6 Nxd4 19.Qxd4 Qc7 20.Rd2 Qc6 21.Bd3 f6 22.Nb2 e5
23.Qc4 Qxc4 24.Nxc4 Rh3 25.Re2 d5 26.exd5 Bxd5 27.Bf5 Bxc4 28.bxc4 Rh5 29.Bg4 Rh4
30.fxe5 Rxg4 31.Rxg4 Nxe5 32.Bd4 Bd6 33.c5 Kd7 34.Bxe5 Bxe5 35.Rxb4 Rxc5
36.Rb7+ Bc7 37.Re4 Kc6 38.Rbb4 Be5 39.Rec4 a5 40.Rxc5+ Kxc5 41.Rb7 f5 42.Kd2 Kc4
43.Rf7 f4 44.Rf5 Bd6 45.c3 a4 46.Rf7 Be5 47.Kc2 a3 48.Re7 Kd5 49.Kd3 Bf6
50.c4+ Kc5 51.Re4 f3 52.Rf4  1-0

[Event "FSFMB April"]
[Site "Budapest HUN"]
[Date "2011.04.12"]
[Round "11"]
[White "Merk,Andras"]
[Black "Benyeda,T"]
[Result "1-0"]
[WhiteElo "1514"]
[BlackElo "1637"]

1.e4 c5 2.Nf3 e6 3.d4 cxd4 4.Nxd4 a6 5.Nc3 Bb4 6.Bc4 Qc7 7.Qd3 Nf6 8.O-O Bxc3
9.bxc3 Nxe4 10.Bb2 d5 11.Bb3 O-O 12.f3 Nc5 13.Qe3 Nbd7 14.Ba3 Rd8 15.f4 Qb6
16.Kh1 Qa7 17.Rae1 Nf6 18.f5 Nxb3 19.cxb3 Re8 20.fxe6 Bxe6 21.Nxe6 Qxe3 22.Rxe3 Rxe6
23.Rfe1 Rxe3 24.Rxe3 Re8 25.Rxe8+ Nxe8 26.Kg1 f5 27.Kf2 g5 28.Ke3 Kf7 29.g3 Ke6
30.Bb2 Nd6 31.h4 gxh4 32.gxh4 Nf7 33.Kf4 b5 34.Ba3 a5 35.Bc5 a4 36.bxa4 bxa4
37.Bd4 Nh6 38.Bf2 Ng4 39.Bd4 Nh6 40.Bb6 Nf7 41.Bc7 Nh6 42.Kg5 Ng4 43.Bb6 Nf6
44.Bd4 Ng4 45.h5 Ne5 46.Kh6 Ng4+ 47.Kxh7 f4 48.Kg6 f3 49.h6 Nxh6 50.Kxh6 Kf5
51.Kg7 Ke4 52.Kf6 Kd3 53.Ke5 Kc4 54.a3 f2 55.Bxf2 Kxc3 56.Kxd5 Kb3 57.Bc5 Kc3
58.Bb4+ Kb3 59.Kc5 Kc2 60.Kb5 Kb3 61.Ka5 Kc4 62.Kxa4 Kd5 63.Kb5 Ke6 64.a4 Kd7
65.Kb6 Kc8 66.Bd6 Kd7 67.a5  1-0

[Event "Zagreb Open B"]
[Site "Zagreb CRO"]
[Date "2011.04.13"]
[Round "3.21"]
[White "Ljubic,J"]
[Black "Bakalar,J"]
[Result "1/2-1/2"]
[WhiteElo "2189"]
[BlackElo "2061"]

1.e4 c5 2.Nf3 a6 3.Nc3 e6 4.d4 cxd4 5.Nxd4 Qc7 6.g3 Nf6 7.Bg2 Be7 8.O-O d6
9.h3 Nc6 10.Nde2 b5 11.a3 Bb7 12.f4 b4 13.axb4 Nxb4 14.f5 e5 15.g4 d5 16.g5 Nxe4
17.Nxe4 dxe4 18.Nc3 Bc5+ 19.Kh2 e3 20.Ne4 Rd8 21.Qe2 Bb6  1/2-1/2

[Event "Zagreb Open B"]
[Site "Zagreb CRO"]
[Date "2011.04.14"]
[Round "4.3"]
[White "Petrusic,T"]
[Black "Raljic,M"]
[Result "1-0"]
[WhiteElo "2164"]
[BlackElo "2127"]

1.e4 c5 2.Nf3 e6 3.d4 cxd4 4.Nxd4 a6 5.Nc3 b5 6.g3 Bb7 7.Bg2 Qc7 8.O-O Nf6
9.Re1 d6 10.a4 b4 11.Nd5 Nxd5 12.exd5 e5 13.f4 Nd7 14.Nc6 f6 15.Be3 a5 16.Qg4 Bxc6
17.Qe6+ Be7 18.dxc6 Nb8 19.fxe5 dxe5 20.Rad1 Ra6 21.Rd7  1-0

[Event "34th Open"]
[Site "Donostia ESP"]
[Date "2011.04.16"]
[Round "1"]
[White "Elizondo Market,J"]
[Black "Llaneza Vega,M"]
[Result "0-1"]
[WhiteElo "1922"]
[BlackElo "2473"]

1.e4 c5 2.Nf3 e6 3.d4 cxd4 4.Nxd4 a6 5.Nc3 Qc7 6.g3 Bb4 7.Qd3 Nf6 8.Bg2 Nc6
9.Nxc6 dxc6 10.Bg5 Be7 11.O-O-O O-O 12.Qe2 e5 13.h4 b5 14.f4 Be6 15.fxe5 Ng4
16.Bh3 Bxg5+ 17.hxg5 Qxe5 18.Qd2 Qc5 19.Bxg4 Bxg4 20.Rde1 f6 21.gxf6 Rxf6
22.e5 Rf2 23.Ne4 Rxd2 24.Nxc5 Rd5 25.b4 a5 26.e6 axb4 27.e7 Re8 28.Na6 Rd7
29.Nxb4 c5 30.Nc6 Rc7 31.Ne5 Rcxe7 32.Nd3 c4 33.Rxe7 Rxe7 34.Nf4 Ra7 35.Kb2 g5
36.Nd5 Bf3 37.Nf6+ Kh8 38.Re1 b4 39.Re5 Kg7 40.Ne8+ Kg6 41.Nd6 Rc7 42.Rb5 h5
43.Rxb4 c3+ 44.Kb3 Bd5+  0-1

[Event "13th Dubai Open"]
[Site "Dubai UAE"]
[Date "2011.04.16"]
[Round "6"]
[White "Kayumov,D"]
[Black "Fedorov,Alex"]
[Result "0-1"]
[WhiteElo "2463"]
[BlackElo "2596"]

1.e4 c5 2.Nf3 e6 3.Nc3 a6 4.d4 cxd4 5.Nxd4 b5 6.Bd3 Bb7 7.O-O Bc5 8.Nb3 Be7
9.Qe2 d6 10.a4 b4 11.Nd1 Nf6 12.f4 Nc6 13.Kh1 Qc7 14.Bd2 O-O 15.c3 e5 16.cxb4 exf4
17.Rc1 Qd7 18.Rxf4 d5 19.e5 Ne4 20.Bxe4 dxe4 21.Rxe4 Qd5 22.Qc4 Na5  0-1

[Event "60th ch-BUL w Final"]
[Site "Bankya BUL"]
[Date "2011.04.17"]
[Round "7.4"]
[White "Sirkova,D"]
[Black "Todorova,K"]
[Result "1-0"]
[WhiteElo "2101"]
[BlackElo "1830"]

1.e4 c5 2.Nf3 e6 3.d4 cxd4 4.Nxd4 a6 5.Nc3 Qc7 6.Bd3 Nf6 7.Be3 Bb4 8.Ne2 d5
9.O-O Ng4 10.Bf4 Bd6 11.Bxd6 Qxd6 12.Ng3 Nf6 13.exd5 Nxd5 14.Be4 O-O 15.Nxd5 exd5
16.Qxd5 Qf6 17.Nh5 Qh6 18.Rae1 Nc6 19.Re3 Be6 20.Qc5 Rac8 21.Rg3 g6 22.Nf6+ Kh8
23.Qb6 Qf4 24.Rf3 Qe5 25.c3 Bc4 26.Qe3 Bxf1 27.Qh6 Qxf6 28.Rxf6  1-0

[Event "TCh-HUN 2010-11"]
[Site "Mako HUN"]
[Date "2011.04.17"]
[Round "9"]
[White "Farkas,Ti"]
[Black "Taskovits,I"]
[Result "1/2-1/2"]
[WhiteElo "2259"]
[BlackElo "2291"]

1.e4 c5 2.Nf3 e6 3.d4 cxd4 4.Nxd4 a6 5.Nc3 Qc7 6.g3 Bb4 7.Bd2 Nc6 8.Nb3 Ne5
9.a3 Be7 10.f4 Nc4 11.Bxc4 Qxc4 12.Be3 b5 13.Qd4 Qxd4 14.Bxd4 Nf6 15.O-O-O Bb7
16.Na5 Bc6 17.Nxc6 dxc6 18.e5 Nd5 19.Ne4 a5 20.Rd3 a4 21.Rhd1 O-O 22.Bc5 Bxc5
23.Nxc5 g6 24.c3 Rfd8 25.Nb7 Rd7 26.Nc5 Rdd8 27.Nb7 Rd7 28.Nc5 Rdd8 29.Nb7  1/2-1/2

[Event "XLII Abierto Internacional"]
[Site "Mar del Plata ARG"]
[Date "2011.04.17"]
[Round "3.19"]
[White "Fiori,H"]
[Black "Zamorano,Jor"]
[Result "0-1"]
[WhiteElo "2120"]
[BlackElo "2271"]

1.e4 c5 2.Nf3 e6 3.d4 cxd4 4.Nxd4 a6 5.Nc3 Qc7 6.Bd3 Bc5 7.Nb3 Be7 8.O-O Nf6
9.f4 d6 10.Qf3 Nc6 11.a3 O-O 12.Bd2 b5 13.Rae1 Bb7 14.Qh3 g6 15.Kh1 Rfe8
16.f5 exf5 17.exf5 Ne5 18.fxg6 hxg6 19.Bg5 Nxd3 20.cxd3 Nh5 21.Be3 Bf6 22.Ne4 Bxb2
23.Re2 Bg7 24.Ref2 f5 25.Ng3 Rxe3  0-1

[Event "TCh-SUI 2011"]
[Site "Switzerland SUI"]
[Date "2011.04.17"]
[Round "3.1"]
[White "Edouard,R"]
[Black "Forster,Ri"]
[Result "1-0"]
[WhiteElo "2634"]
[BlackElo "2456"]

1.e4 c5 2.Nf3 e6 3.d4 cxd4 4.Nxd4 a6 5.Nc3 b5 6.Bd3 Qb6 7.Nb3 Qc7 8.O-O Bb7
9.Qe2 Nf6 10.e5 b4 11.Nd1 Nd5 12.f4 Nc6 13.Ne3 Nxe3 14.Bxe3 d6 15.exd6 Bxd6
16.Qf2 O-O 17.Nc5 Bxc5 18.Bxc5 Rfe8 19.Rad1 Rac8 20.Bd6 Qa5 21.f5 exf5 22.Bxf5 Rcd8
23.Be4 Rd7 24.Bxb4 Qd8 25.Qf5  1-0

[Event "17th Schloss Open A"]
[Site "Werther GER"]
[Date "2011.04.17"]
[Round "6"]
[White "Svetushkin,D"]
[Black "Meijers,V"]
[Result "1-0"]
[WhiteElo "2543"]
[BlackElo "2493"]

1.e4 c5 2.Nf3 e6 3.d4 cxd4 4.Nxd4 a6 5.Nc3 b5 6.Bd3 Bb7 7.O-O Nc6 8.Nxc6 Bxc6
9.Re1 Ne7 10.Bd2 b4 11.Ne2 Ng6 12.Nd4 Bb7 13.c3 Qb6 14.Nb3 a5 15.Be3 Qd8
16.Bb5 Ne5 17.Qh5 Qb8 18.Bf4 Bd6 19.Rad1 g6 20.Qh4 O-O 21.Bh6 f5 22.Bxf8 Qxf8
23.exf5 a4 24.Rxe5 axb3 25.fxg6 h6 26.Bxd7 bxa2 27.Bxe6+ Kg7 28.Ree1 bxc3
29.bxc3 Kxg6 30.Qg4+ Kh7 31.Rxd6 Qxd6 32.Qf5+ Kg7 33.Qf7+ Kh8 34.Qf6+ Kh7
35.Bf5+ Kg8 36.Qxd6 a1=Q 37.Qg6+ Kf8 38.Qxh6+ Kf7 39.Bg6+  1-0

[Event "Norsk Open A"]
[Site "Fagernes NOR"]
[Date "2011.04.18"]
[Round "2"]
[White "Arvola,B"]
[Black "Miezis,N"]
[Result "0-1"]
[WhiteElo "2217"]
[BlackElo "2555"]

1.e4 c5 2.Nf3 e6 3.d4 cxd4 4.Nxd4 a6 5.Nc3 Qc7 6.f4 b5 7.Bd3 Bb7 8.Qe2 Nf6
9.Bd2 b4 10.Nd1 Nc6 11.c3 bxc3 12.Bxc3 Qxf4 13.Nf3 Nb4 14.Bxf6 Nxd3+ 15.Qxd3 gxf6
16.Nc3 Bc5 17.Ke2 Qg4 18.g3 Qh3 19.Nh4 Rg8 20.Rad1 Bc6 21.Kd2 Qg4 22.Kc1 Bb4
23.Rhe1 Bxc3 24.Qxc3 Rc8 25.Rd4 Qg5+ 26.Re3 Bb7  0-1